Największe miasta Oregonu - Statystyki

Ogólne statystyki
  • Ten quiz został rozwiązany 5 razy
  • Średni wynik to 2 z 30
Statystyki odpowiedzi
Ludność Miasto % Poprawnych
150000 Eugene
80%
650000 Portland
80%
100000 Bend
20%
10000 Lincoln City
20%
180000 Salem
20%
51000 Albany
0%
21500 Ashland
0%
9500 Astoria
0%
10000 Baker City
0%
3100 Bandon
0%
92000 Beaverton
0%
6300 Brookings
0%
2800 Burns
0%
16000 Coos Bay
0%
55000 Corvallis
0%
2300 Gold Beach
0%
34500 Grants Pass
0%
1200 Joseph
0%
21000 Klamath Falls
0%
2500 Lakeview
0%
78000 Medford
0%
10000 Newport
0%
11000 Ontario
0%
17000 Pendleton
0%
9200 Prineville
0%
26000 Redmond
0%
22000 Roseburg
0%
2100 Sisters
0%
2100 Sunriver
0%
5000 Tillamook
0%
Nie znaleziono quizów pasujących do podanych kryteriów
Rozkład punktacji
Procent ludzi z każdym wynikiem
Percentyl według liczby udzielonych odpowiedzi
Twoja historia wyników
Nie rozwiązałeś tego quizu